000 01472njm a2200313 i 4500
001 4719
003 ES-MaACL
005 20251013234554.0
007 s|r|||||||||||
008 070809s1969 sp ||| g ||||||||1|nspa d
245 0 0 _aJuicio crítico del libro "La sotana" de Rodrigo Rubio
_h[Grabación sonora] /
_cintervienen Rodrigo Rubio, Salvador García de Pruneda, Juan Bosco de Jesús, Rafael Conte, Rafael Martínez Mena, Mauro Muñiz.
260 _aMadrid :
_bAteneo de Madrid,
_c1969.
300 _a1 disco (CD-DA) (1 h. 8 min. 46 seg.) ;
_c12 cm.
490 1 _aColoquios críticos en presencia del autor "Un libro sobre la mesa"
500 _aDatos basados en la invitación.
518 _aActo organizado por el Aula de Literatura del Ateneo de Madrid, grabado en el salón de actos el viernes 14 de marzo de 1969, a las 19:15 h.
610 2 4 _aAteneo de Madrid-
_xActos culturales-
_y1969-
_vGrabaciones sonoras.
_91883
700 1 _aRubio, Rodrigo,
_d1931-2007
_9100377
700 1 _aGarcía de Pruneda, Salvador,
_d1912-1996
_954489
700 0 _aJuan Bosco de Jesús.
_967106
700 1 _aConte, Rafael.
_940270
700 1 _aMartínez de Mena, Rafael.
_978017
700 1 _aMuñiz, Mauro.
_984266
710 2 _aAteneo de Madrid.
_bAula de Literatura.
_91943
830 0 0 _aColoquios críticos en presencia del autor "Un libro sobre la mesa"
_9177075
852 _aES-MaACL
_jROT 3/4/6
_94836
_cROT
942 _2udc
999 _c4719
_d4719